000 00289nam a22001337a 4500
008 170627b xxu||||| |||| 00| 0 eng d
020 _a9780767400480
041 _aeng
080 _a82
100 _a21
101 _aGJL
245 _aCLASSICAL MYTHOLOGY
_cHARRIS, S.L
942 _2udc
_cBK
999 _c19194
_d19194